000
00291nam a22001337a 4500
008
171020b xxu||||| |||| 00| 0 eng d
020
_a
279593269700275000000000
041
_a
eng
080
_a
338
100
_a
54
101
_a
MIS
245
_a
BLOWN TO BITS
_c
EVANS,P
942
_2
udc
_c
BK
999
_c
35093
_d
35093